Teach yourself Microsoft Windows 2000 Server in 24 hours [electronic resource] (Record no. 6347)
[ view plain ]
| 000 -LEADER | |
|---|---|
| fixed length control field | 00781 a2200217 4500 |
| 020 ## - INTERNATIONAL STANDARD BOOK NUMBER | |
| International Standard Book Number | 8176353833 |
| 040 ## - CATALOGING SOURCE | |
| Original cataloging agency | DLC |
| Language of cataloging | DLC |
| 082 04 - DEWEY DECIMAL CLASSIFICATION NUMBER | |
| Classification number | 005.713769 |
| 100 1# - MAIN ENTRY--PERSONAL NAME | |
| Personal name | Sosinsky, Barrie A. |
| 245 10 - TITLE STATEMENT | |
| Title | Teach yourself Microsoft Windows 2000 Server in 24 hours [electronic resource] |
| Statement of responsibility, etc. | Barrie Sosinsky, Jeremy Moskowitz. |
| 256 ## - COMPUTER FILE CHARACTERISTICS | |
| Computer file characteristics | Computer document. |
| 260 ## - PUBLICATION, DISTRIBUTION, ETC. | |
| Place of publication, distribution, etc. | Indianapolis, Ind. : |
| Name of publisher, distributor, etc. | Sams, |
| Date of publication, distribution, etc. | 2000 |
| 500 ## - GENERAL NOTE | |
| General note | Title from title screen. |
| 538 ## - SYSTEM DETAILS NOTE | |
| System details note | Mode of access: Internet via World Wide Web. |
| 650 #0 - SUBJECT ADDED ENTRY--TOPICAL TERM | |
| Topical term or geographic name entry element | Operating systems (Computers) |
| 655 #7 - INDEX TERM--GENRE/FORM | |
| Genre/form data or focus term | Electronic books. |
| 700 1# - ADDED ENTRY--PERSONAL NAME | |
| Personal name | Moskowitz, Jeremy. |
| Relator code | aut |
| 710 2# - ADDED ENTRY--CORPORATE NAME | |
| Corporate name or jurisdiction name as entry element | Books24x7, Inc. |
| 856 40 - ELECTRONIC LOCATION AND ACCESS | |
| Uniform Resource Identifier | <a href="http://www.indiana.edu/~sirsi/proxy.cgi?http://www.books24x7.com/marc.asp?bookid=1027">http://www.indiana.edu/~sirsi/proxy.cgi?http://www.books24x7.com/marc.asp?bookid=1027</a> |
| 942 ## - ADDED ENTRY ELEMENTS (KOHA) | |
| Koha item type | Book |
| Call number prefix | 005.713769 SOS |
| Source of classification or shelving scheme | |
| Withdrawn status | Lost status | Damaged status | Not for loan | Collection code | Permanent Location | Current Location | Shelving location | Date acquired | Total Checkouts | Full call number | Barcode | Date last seen | Price effective from | Koha item type | Source of acquisition | Cost, normal purchase price |
|---|---|---|---|---|---|---|---|---|---|---|---|---|---|---|---|---|
| Central Library (CL) | Central Library (CL) | General Stacks | 09/19/2002 | 005.713769 SOS | SEECS002467 | 11/14/2012 | 01/05/2017 | Book | ||||||||
| Central Library (CL) | Central Library (CL) | General Stacks | 09/19/2002 | 005.713769 SOS | SEECS002469 | 11/14/2012 | 01/05/2017 | Book | ||||||||
| Central Library (CL) | Central Library (CL) | General Stacks | 01/15/2004 | 005.713769 SOS | SEECS004130 | 11/14/2012 | 01/05/2017 | Book | New Public Book | 547.20 |
